15 principales países con muertes de Covid-19 - 11 de julio - Estadísticas

Estadísticas generales
  • Esta prueba ha sido intentada 5 veces
  • La puntuación promedio es 12 de 19
Estadísticas de respuestas
país % Correcto
España
100%
Alemania
80%
Canadá
80%
Chile
80%
Estados Unidos
80%
Italia
80%
México
80%
Reino Unido
80%
Rusia
80%
Brasil
60%
Ecuador
60%
Francia
60%
India
60%
Irlanda
60%
Perú
60%
Bélgica
40%
Países Bajos
40%
Irán
20%
Suecia
20%
No se encontraron pruebas coincidentes
Distribución de puntuación
Porcentaje de gente con cada puntuación
Porcentaje por número respondido
Historial de tus puntuaciones
No has intentado esta prueba.